| 000 | 00400nam a22001577a 4500 | ||
|---|---|---|---|
| 003 | OSt | ||
| 005 | 20211105162204.0 | ||
| 008 | 211105b |||||||| |||| 00| 0 eng d | ||
| 040 | _cHU | ||
| 082 | _a338.50151/PFI | ||
| 100 |
_aPFITZNER _qC. Barry pfitzner _917170 |
||
| 245 | _aMathematical FUndamentals of Microeconomics | ||
| 260 |
_anew Delhi _bbiztantra |
||
| 300 | _a137 | ||
| 942 |
_2ddc _cBOOKS _n0 |
||
| 999 |
_c17024 _d17024 |
||